|
|
|
|
| LEADER |
00000nam2a2200000 4500 |
| 001 |
266559 |
| 005 |
20231101234018.0 |
| 035 |
|
|
|a (RuTPU)RU\TPU\book\289579
|
| 090 |
|
|
|a 266559
|
| 100 |
|
|
|a 20140710d1986 m y0rusy50 ca
|
| 101 |
1 |
|
|a rus
|c eng
|
| 102 |
|
|
|a RU
|
| 105 |
|
|
|a a j 001zy
|
| 200 |
0 |
|
|a Ч. 2
|
| 210 |
|
|
|d 1986
|
| 215 |
|
|
|a 535 с.
|c ил.
|
| 320 |
|
|
|a Предметный указатель: с. 519-528.
|
| 461 |
|
1 |
|0 (RuTPU)RU\TPU\book\296461
|t Химический тренажер
|o программированное пособие для средней школы
|o пер. с англ.
|o в 2 ч.
|f Й. Нентвиг, М. Кройдер, К. Моргенштерн
|v Ч. 2
|d 1986
|
| 606 |
1 |
|
|a Химия
|x Задачи
|x Решение на вычислительных машинах
|2 stltpush
|3 (RuTPU)RU\TPU\subj\70584
|9 84803
|
| 610 |
1 |
|
|a учебные пособия
|
| 610 |
1 |
|
|a химические законы
|
| 610 |
1 |
|
|a органическая химия
|
| 675 |
|
|
|a 54:004(076)
|v 3
|
| 801 |
|
1 |
|a RU
|b 63413507
|c 20140710
|
| 801 |
|
2 |
|a RU
|b 63413507
|c 20180614
|g RCR
|
| 942 |
|
|
|c BK
|